000 00372 a2200157 4500
001 58755
020 _a8532249116
040 _cAnchieta - Pituba
100 _aLima, Lizânias de Souza
240 1 0 _aHistória por eixos temáticos
_lpor
245 1 0 _aHistória por eixos temáticos
300 _a280/48
362 0 _a2002
650 4 _aHistória do mundo
942 _cBK
999 _c58755
_d58755